[Event "Voronezh op-B 22nd"]
[Site "Voronezh"]
[Date "2018.06.19"]
[Round "8"]
[White "Gulko, Oleg"]
[Black "Nesterov, Andrey"]
[Result "0-1"]
[WhiteElo "1883"]
[BlackElo "2010"]
[PlyCount "86"]
[EventDate "2018.06.12"]
[EventType "swiss"]
[EventRounds "9"]
[EventCountry "RUS"]
[SourceTitle "CBM 185 Extra"]
[Source "ChessBase"]
[SourceDate "2018.07.29"]
[SourceVersion "1"]
[SourceVersionDate "2018.07.29"]
[SourceQuality "1"]

1. d4 d5 2. c4 e6 3. Nc3 Nf6 4. cxd5 Nxd5 5. e4 Nxc3 6. bxc3 c5 7. Bc4 cxd4 8. Qxd4 Qc7 9. Nf3 Nc6 10. Qd3 Bd6 11. 0-0 0-0 12. Bg5 f6 13. Bh4 Rd8 14. Qc2 Ne5 15. Nxe5 Bxe5 16. Qb3 Bxh2+ 17. Kh1 Qe5 18. Rad1 Re8 19. Qb5 Re7 20. g3 Qxb5 21. Bxb5 g5 22. Bxg5 fxg5 23. Rd8+ Kg7 24. Kxh2 a6 25. Be2 b5 26. c4 b4 27. Re1 a5 28. e5 a4 29. Bf3 Rb8 30. Bc6 b3 31. axb3 axb3 32. f4 Rf7 33. Be8 Rf8 34. fxg5 Rf2+ 35. Kh3 b2 36. Rb1 Rc2 37. Bb5 Ra8 38. Rdd1 Kg6 39. Kg4 Bb7 40. Re1 Rf8 41. c5 Bf3+ 42. Kh3 Kxg5 43. Bd3 Bg4# 0-1

[Event "Voronezh op-B 22nd"]
[Site "Voronezh"]
[Date "2018.06.16"]
[Round "5"]
[White "Lesnykh, Zhanna"]
[Black "Gulko, Oleg"]
[Result "1/2-1/2"]
[WhiteElo "1616"]
[BlackElo "1883"]
[PlyCount "70"]
[EventDate "2018.06.12"]
[EventType "swiss"]
[EventRounds "9"]
[EventCountry "RUS"]
[SourceTitle "CBM 185 Extra"]
[Source "ChessBase"]
[SourceDate "2018.07.29"]
[SourceVersion "1"]
[SourceVersionDate "2018.07.29"]
[SourceQuality "1"]

1. f4 d5 2. Nf3 c5 3. g3 Nc6 4. Bg2 g6 5. 0-0 Bg7 6. Nc3 Nf6 7. d3 d4 8. Ne4 Nxe4 9. dxe4 e5 10. e3 0-0 11. exd4 exd4 12. a3 a5 13. e5 Be6 14. Nd2 Bd5 15. Bxd5 Qxd5 16. Qf3 Ne7 17. Qxd5 Nxd5 18. Ne4 Rac8 19. Nd6 Rc7 20. Bd2 b6 21. c3 f6 22. exf6 Bxf6 23. Nb5 Re7 24. cxd4 cxd4 25. Rfe1 Rfe8 26. Rxe7 Rxe7 27. Re1 Rxe1+ 28. Bxe1 Ne3 29. b3 Nc2 30. Bf2 d3 31. Kf1 Bd8 32. Nd4 Nxa3 33. Ne6 Bf6 34. Bxb6 Bc3 35. Nc5 Nb1 1/2-1/2

[Event "Voronezh op-B 22nd"]
[Site "Voronezh"]
[Date "2018.06.13"]
[Round "2"]
[White "Martyntsev, Roman"]
[Black "Gulko, Oleg"]
[Result "1-0"]
[WhiteElo "2035"]
[BlackElo "1883"]
[PlyCount "89"]
[EventDate "2018.06.12"]
[EventType "swiss"]
[EventRounds "9"]
[EventCountry "RUS"]
[SourceTitle "CBM 185 Extra"]
[Source "ChessBase"]
[SourceDate "2018.07.29"]
[SourceVersion "1"]
[SourceVersionDate "2018.07.29"]
[SourceQuality "1"]

1. e4 c6 2. d4 d5 3. Nc3 dxe4 4. Nxe4 Nd7 5. Nf3 Ngf6 6. Nxf6+ Nxf6 7. Ne5 Bf5 8. Be2 e6 9. g4 Be4 10. f3 Bg6 11. h4 h6 12. Nxg6 fxg6 13. c3 Qc7 14. Kf2 Bd6 15. Qc2 Qf7 16. Kg2 0-0 17. Be3 Nd5 18. Qe4 Nxe3+ 19. Qxe3 Rae8 20. Bc4 Bb8 21. Rae1 Kh8 22. Qe4 Qc7 23. Rh3 Rf6 24. Bd3 Ref8 25. h5 Kg8 26. hxg6 Qd6 27. g5 Rxf3 28. Rxf3 Qh2+ 29. Kf1 Qh3+ 30. Kf2 Qg3+ 31. Ke2 Qg2+ 32. Kd1 Qxf3+ 33. Qxf3 Rxf3 34. Rxe6 Kf8 35. Ke2 Rg3 36. gxh6 gxh6 37. Rf6+ Ke8 38. Bc4 b5 39. Bb3 Bc7 40. Rf7 Bd6 41. g7 a5 42. Ra7 Rg2+ 43. Kf3 Rg3+ 44. Kf2 Bb8 45. Rb7 1-0

[Event "Voronezh op-B 19th"]
[Site "Voronezh"]
[Date "2015.06.21"]
[Round "9"]
[White "Gulko, Oleg"]
[Black "Gaboshvili, Georgii"]
[Result "1/2-1/2"]
[WhiteElo "1931"]
[BlackElo "1857"]
[PlyCount "112"]
[EventDate "2015.06.12"]
[EventType "swiss"]
[EventRounds "9"]
[EventCountry "RUS"]
[SourceTitle "CBM 167 Extra"]
[Source "ChessBase"]
[SourceDate "2015.09.14"]
[SourceVersion "1"]
[SourceVersionDate "2015.09.14"]
[SourceQuality "1"]

1. d4 c5 2. d5 e5 3. c4 d6 4. Nc3 Be7 5. e4 Bg5 6. Nf3 Bxc1 7. Rxc1 a6 8. a3 Bg4 9. b4 Bxf3 10. gxf3 Nd7 11. Rg1 g6 12. Qa4 Qc7 13. Bh3 Ngf6 14. Nb5 Qb8 15. Bxd7+ Nxd7 16. Nc3 Qc7 17. Ne2 0-0 18. h4 Nf6 19. Ng3 b5 20. Qb3 cxb4 21. Qxb4 Rfb8 22. Nf5 bxc4 23. Qxd6 Qxd6 24. Nxd6 Rb3 25. Nxc4 Rxf3 26. Nxe5 Rf4 27. Kd2 Rxe4 28. Rge1 Rxe1 29. Rxe1 Nxd5 30. Kd3 Rc8 31. Kd4 Nf4 32. Re4 Ne6+ 33. Kd5 Rc3 34. Ra4 Rc2 35. Ng4 h5 36. Nf6+ Kg7 37. Ne4 Nc7+ 38. Ke5 f5 39. Ng5 Rxf2 40. Kd6 Rc2 41. Ra5 Nb5+ 42. Kd7 Rc7+ 43. Ke6 Rc4 44. a4 Nc3 45. Rxa6 Rxa4 46. Rc6 Nb5 47. Rc5 Ra6+ 48. Ke5 Rb6 49. Rd5 Rb7 50. Ne6+ Kh7 51. Kf6 Rb6 52. Rd7+ Kh8 53. Kf7 Rb7 54. Rxb7 Nd6+ 55. Kxg6 Nxb7 56. Kxh5 Nd6 1/2-1/2

[Event "Voronezh Winter Rating op"]
[Site "Voronezh"]
[Date "2015.01.27"]
[Round "7"]
[White "Gulko, Oleg"]
[Black "Kolesnikov, Roman"]
[Result "1-0"]
[WhiteElo "1949"]
[BlackElo "1761"]
[PlyCount "51"]
[EventDate "2015.01.17"]
[EventType "swiss"]
[EventRounds "9"]
[EventCountry "RUS"]
[SourceTitle "EXT 2017"]
[Source "ChessBase"]
[SourceDate "2016.10.25"]
[SourceVersion "1"]
[SourceVersionDate "2016.10.25"]
[SourceQuality "1"]

1. d4 c6 2. c4 d5 3. Nc3 Nf6 4. Bf4 Bf5 5. e3 e6 6. Qb3 Qd7 7. Nf3 Nh5 8. Ne5 Qe7 9. Bg3 Nxg3 10. hxg3 Qb4 11. c5 Qxb3 12. axb3 f6 13. Nf3 Nd7 14. Nh4 Bc2 15. b4 e5 16. Kd2 exd4 17. exd4 Bb3 18. Ng6 Rg8 19. Rxh7 b6 20. Ba6 Rb8 21. b5 cxb5 22. c6 Bd6 23. cxd7+ Kxd7 24. Bxb5+ Ke6 25. Rxa7 Bb4 26. Nf4+ 1-0

[Event "Voronezh op-B 18th"]
[Site "Voronezh"]
[Date "2014.06.14"]
[Round "3"]
[White "Gulko, Oleg"]
[Black "Mokshin, Maksim"]
[Result "0-1"]
[WhiteElo "1804"]
[BlackElo "2006"]
[PlyCount "74"]
[EventDate "2014.06.12"]
[EventType "swiss"]
[EventRounds "9"]
[EventCountry "RUS"]
[SourceTitle "EXT 2015"]
[Source "ChessBase"]
[SourceDate "2014.11.20"]
[SourceVersion "1"]
[SourceVersionDate "2014.11.20"]
[SourceQuality "1"]

1. d4 Nf6 2. Nf3 b6 3. c4 Bb7 4. Nc3 e6 5. Bg5 h6 6. Bh4 Be7 7. e3 0-0 8. Bd3 c5 9. 0-0 cxd4 10. exd4 d5 11. Ne5 dxc4 12. Bxc4 Nc6 13. Nxc6 Bxc6 14. Qd3 Qd7 15. Rad1 Rad8 16. Rfe1 Qb7 17. f3 Rxd4 18. Qxd4 Bc5 19. Bxf6 gxf6 20. Kf2 Bxd4+ 21. Rxd4 f5 22. Red1 b5 23. Bb3 Qb6 24. Kf1 b4 25. Ne2 a5 26. Rd6 Qc5 27. R6d4 Bb5 28. f4 a4 29. Bxa4 Bxa4 30. Rc1 Qa5 31. Rcc4 Bb5 32. Rxb4 Bxe2+ 33. Kxe2 Qxa2 34. Ke3 Rc8 35. Rd2 Qb1 36. g3 Qe1+ 37. Kf3 Qxd2 0-1